Real Sociedad Squad 2017-2018 - Statistics

General Stats
  • This quiz has been taken 20 times
  • The average score is 22 of 28
Answer Stats
# Position Nation Player % Correct
15 DF Spain Aritz Elustondo
100%
11 FW Mexico Carlos Vela
100%
17 MF France David Zurutuza
100%
1 GK Argentina Gerónimo Rulli
100%
6 DF Spain Iñigo Martínez
100%
24 DF Spain Alberto de la Bella
92%
4 MF Spain Asier Illarramendi
92%
18 FW Spain Mikel Oyarzabal
92%
12 FW Brazil Willian José
92%
10 MF Spain Xabi Prieto
92%
8 FW Belgium Adnan Januzaj
83%
19 DF Spain Álvaro Odriozola
83%
5 MF Spain Igor Zubeldia
83%
2 DF Spain Carlos Martínez
75%
- Coach Spain Eusebio Sacristán
75%
9 FW Spain Imanol Agirretxe
75%
14 MF Spain Rubén Pardo
75%
16 MF Spain Sergio Canales
75%
6 DF Mexico Héctor Moreno
67%
25 GK Spain Miguel Ángel Moyá
67%
3 DF Spain Diego Llorente
58%
- Coach Spain Imanol Alguacil
58%
7 FW Spain Juanmi
58%
20 DF Portugal Kévin Rodrigues
58%
22 DF Spain Raúl Navas
58%
13 GK Spain Toño Ramírez
58%
21 FW Spain Jon Bautista
50%
23 MF Spain Jon Guridi
42%
No matching quizzes found
Score Distribution
Percent of People with Each Score
Percentile by Number Answered
Your Score History
You have not taken this quiz